000 00506nam a2200157 a 4500
001 000030207
005 20200930060131.0
008 110504s1994 dr 000 0 spa d
040 _aDO-SdBNP
_bspa
_cBNPHU
082 _axxx
_bE56
245 0 0 _aEncuentros de organizaciones populares :
_bPropuestas de reformas políticas /
_cRamonina Brea.
260 _aSantiago de los Caballeros, República Dominicana :
_bPUCMM,
_c1994.
300 _a27 p. ;
_c21 cm.
490 1 _aDocumentos
830 0 _aDocumentos
_91047
999 _c29699
_d29699